[Event "Euskadi-chT (Vasca) Div Honor"]
[Site "Bergara"]
[Date "2014.02.08"]
[Round "5.3"]
[White "Fernandez Hernandez, Gerardo"]
[Black "Cruz Lopez Claret, Carlos"]
[Result "1-0"]
[WhiteElo "2168"]
[BlackElo "2321"]
[PlyCount "83"]
[EventDate "2014.01.11"]
[EventType "team-tourn"]
[EventRounds "9"]
[EventCountry "ESP"]
[SourceTitle "EXT 2024"]
[Source "ChessBase"]
[SourceDate "2023.10.10"]
[SourceVersion "1"]
[SourceVersionDate "2023.10.10"]
[SourceQuality "1"]

1. e4 e5 2. Bc4 Nf6 3. d3 Nc6 4. Nc3 Na5 5. Qf3 Nxc4 6. dxc4 d6 7. h3 c6 8. Bg5 Be7 9. Rd1 Qc7 10. Nge2 Be6 11. b3 0-0-0 12. Ng3 h6 13. Bxf6 gxf6 14. Nf5 Kb8 15. 0-0 Bf8 16. Rd3 Rg8 17. Rfd1 Bxf5 18. Qxf5 Rg6 19. Ne2 Be7 20. Rg3 Rdg8 21. Rxg6 Rxg6 22. Ng3 a6 23. Qf3 Bf8 24. Nf5 Ka7 25. Nh4 Rg8 26. Qxf6 Be7 27. Qxh6 Qd8 28. Nf5 Rg6 29. Qe3+ Ka8 30. Qd3 Bf8 31. g3 Qc8 32. Kg2 Qe6 33. g4 Kb8 34. c5 d5 35. exd5 cxd5 36. c4 d4 37. b4 e4 38. Qg3+ Ka7 39. Rxd4 Rg5 40. Qf4 f6 41. Qxe4 Qg8 42. Qd5 1-0

[Event "Euskadi-chT (Vasca) Div Honor"]
[Site "Bergara"]
[Date "2014.01.25"]
[Round "3.4"]
[White "Cruz Lopez Claret, Carlos"]
[Black "Miguel Quintero, Francisco"]
[Result "1/2-1/2"]
[WhiteElo "2321"]
[BlackElo "2270"]
[PlyCount "20"]
[EventDate "2014.01.11"]
[EventType "team-tourn"]
[EventRounds "9"]
[EventCountry "ESP"]
[SourceTitle "EXT 2024"]
[Source "ChessBase"]
[SourceDate "2023.10.10"]
[SourceVersion "1"]
[SourceVersionDate "2023.10.10"]
[SourceQuality "1"]

1. d4 g6 2. c4 Bg7 3. e4 d6 4. Nc3 e5 5. d5 f5 6. exf5 Bxf5 7. g4 Bd7 8. Be2 Bh6 9. h4 Bxc1 10. Qxc1 Na6 1/2-1/2

[Event "Euskadi-chT (Vasca) Div Honor"]
[Site "Bergara"]
[Date "2014.01.11"]
[Round "1.5"]
[White "Cruz Lopez Claret, Carlos"]
[Black "Romero Holmes, Alfonso"]
[Result "0-1"]
[WhiteElo "2321"]
[BlackElo "2509"]
[PlyCount "52"]
[EventDate "2014.01.11"]
[EventType "team-tourn"]
[EventRounds "9"]
[EventCountry "ESP"]
[SourceTitle "EXT 2024"]
[Source "ChessBase"]
[SourceDate "2023.10.10"]
[SourceVersion "1"]
[SourceVersionDate "2023.10.10"]
[SourceQuality "1"]

1. d4 d6 2. c4 e5 3. d5 f5 4. e4 fxe4 5. Nc3 Nf6 6. Bg5 Be7 7. Bxf6 gxf6 8. Qh5+ Kf8 9. Nxe4 f5 10. Ng3 Qe8 11. Qh6+ Kg8 12. Qd2 Bf6 13. 0-0-0 Na6 14. Be2 h5 15. h4 Nc5 16. f4 e4 17. Kb1 Na4 18. Nh3 Bxb2 19. Ng5 Bg7 20. Rc1 Qg6 21. Rh3 Nc5 22. Nxh5 Rxh5 23. Bxh5 Qxh5 24. Rg3 Bd7 25. Rcc3 Bxc3 26. Qxc3 Qd1+ 0-1

[Event "Euskadi-chTA"]
[Site "Bergara"]
[Date "2013.02.09"]
[Round "1.3"]
[White "Cruz Lopez Claret, Carlos"]
[Black "Alberdi Sololuce, Paulo"]
[Result "1/2-1/2"]
[WhiteElo "2331"]
[BlackElo "2206"]
[PlyCount "40"]
[EventDate "2013.01.12"]
[EventType "team-tourn"]
[EventRounds "9"]
[EventCountry "ESP"]
[SourceTitle "EXT 2014"]
[Source "ChessBase"]
[SourceDate "2013.11.20"]
[SourceVersion "1"]
[SourceVersionDate "2013.11.20"]
[SourceQuality "1"]

1. d4 Nf6 2. c4 e5 3. dxe5 Ng4 4. Bf4 g5 5. Bg3 Bg7 6. Nf3 Nc6 7. h4 Ngxe5 8. Nc3 g4 9. Nxe5 Nxe5 10. h5 d6 11. Nd5 h6 12. Bh4 f6 13. Qc2 c6 14. Nc3 Be6 15. 0-0-0 Qe7 16. e3 0-0-0 17. Ne4 Rhe8 18. Ng3 Qd7 19. Ne4 Qe7 20. Ng3 Qd7 1/2-1/2

[Event "San Sebastian KO GpA"]
[Site "San Sebastian"]
[Date "2011.12.29"]
[Round "2"]
[White "Cruz Lopez Claret, Carlos"]
[Black "Vachier Lagrave, Maxime"]
[Result "1/2-1/2"]
[WhiteElo "2334"]
[BlackElo "2710"]
[PlyCount "69"]
[EventDate "2011.12.28"]
[EventType "k.o."]
[EventRounds "7"]
[EventCountry "ESP"]
[SourceTitle "CBM 146 Extra"]
[Source "ChessBase"]
[SourceDate "2012.02.29"]
[SourceVersion "1"]
[SourceVersionDate "2012.02.29"]
[SourceQuality "1"]

1. d4 Nf6 2. c4 g6 3. Nc3 Bg7 4. e4 d6 5. f4 0-0 6. Nf3 c5 7. d5 e6 8. Be2 exd5 9. cxd5 Bg4 10. 0-0 Nbd7 11. h3 Bxf3 12. Bxf3 Re8 13. Re1 c4 14. Be3 Qa5 15. Bd4 Nc5 16. b4 Qxb4 17. Rb1 Qa5 18. Rb5 Qa6 19. Bxc5 Nxe4 20. Nxe4 Qxb5 21. Bf2 c3 22. Nxd6 Rxe1+ 23. Qxe1 Qb2 24. Nc4 Qxa2 25. Ne5 c2 26. Be3 Qb1 27. Bc1 Re8 28. Qd2 Rxe5 29. fxe5 Bxe5 30. d6 Bxd6 31. Be4 Ba3 32. Qd8+ Bf8 33. Qd2 Ba3 34. Qd8+ Bf8 35. Qd2 1/2-1/2

[Event "San Sebastian KO GpA"]
[Site "San Sebastian"]
[Date "2011.12.28"]
[Round "1"]
[White "Cruz Lopez Claret, Carlos"]
[Black "Segovia Sanchez, Antonio"]
[Result "1-0"]
[WhiteElo "2334"]
[BlackElo "2019"]
[PlyCount "57"]
[EventDate "2011.12.28"]
[EventType "k.o."]
[EventRounds "7"]
[EventCountry "ESP"]
[SourceTitle "CBM 146 Extra"]
[Source "ChessBase"]
[SourceDate "2012.02.29"]
[SourceVersion "1"]
[SourceVersionDate "2012.02.29"]
[SourceQuality "1"]

1. d4 d5 2. c4 c6 3. Nc3 Nf6 4. e3 e6 5. Nf3 Nbd7 6. Bd3 Be7 7. 0-0 dxc4 8. Bxc4 b5 9. Bd3 Bb7 10. e4 b4 11. Na4 0-0 12. e5 Nd5 13. Re1 Rc8 14. Nc5 Nxc5 15. dxc5 Qa5 16. Ng5 Bxg5 17. Bxg5 Ba6 18. Be4 Qxc5 19. Rc1 Qb6 20. Qh5 f5 21. exf6 Nxf6 22. Bxf6 Rxf6 23. Bxh7+ Kf8 24. Bg6 Rxf2 25. Kh1 Ke7 26. Bf5 Rf8 27. Qg5+ Kd6 28. Rxe6+ Kd5 29. Bh3+ 1-0

[Event "San Sebastian op 34th"]
[Site "San Sebastian"]
[Date "2011.04.21"]
[Round "6"]
[White "Diez Fraile, David"]
[Black "Cruz Lopez Claret, Carlos"]
[Result "1/2-1/2"]
[WhiteElo "2165"]
[BlackElo "2326"]
[PlyCount "98"]
[EventDate "2011.04.16"]
[EventType "swiss"]
[EventRounds "9"]
[EventCountry "ESP"]
[SourceTitle "CBM 141 Extra"]
[Source "ChessBase"]
[SourceDate "2011.05.03"]
[SourceVersion "1"]
[SourceVersionDate "2011.05.03"]
[SourceQuality "1"]

1. e4 e5 2. Nf3 Nc6 3. Bb5 a6 4. Ba4 d6 5. d4 b5 6. Bb3 Nxd4 7. Nxd4 exd4 8. Qxd4 c5 9. Qd5 Be6 10. Qb7 c4 11. a4 cxb3 12. axb5 Rb8 13. bxa6 Rxb7 14. axb7 Bd5 15. exd5 Qe7+ 16. Be3 Qxb7 17. 0-0 Nf6 18. Nc3 Nxd5 19. Ra7 Qc6 20. Nxd5 Qxd5 21. Re1 Be7 22. c4 Qc6 23. Bd4 0-0 24. Raxe7 Qxc4 25. Bc3 d5 26. Rd1 Rd8 27. Re3 f6 28. Red3 Kf7 29. Rd4 Qe2 30. h3 Qe6 31. Re1 Qc6 32. Red1 Rd7 33. R1d3 Qa6 34. Rd1 Qe2 35. R4d2 Qe6 36. Rd4 h6 37. R1d3 Rc7 38. Rd1 Rc5 39. R4d3 Qf5 40. R1d2 Qe4 41. Rd1 h5 42. Rd4 Qc2 43. R4d2 Qe4 44. Rd4 Qc2 45. R4d2 Rxc3 46. bxc3 Qxc3 47. Rxd5 b2 48. Rb1 Ke6 49. Rdd1 Qc2 1/2-1/2

[Event "San Sebastian op 34th"]
[Site "San Sebastian"]
[Date "2011.04.20"]
[Round "5"]
[White "Cruz Lopez Claret, Carlos"]
[Black "San Segundo Carrillo, Pablo"]
[Result "1/2-1/2"]
[WhiteElo "2326"]
[BlackElo "2513"]
[PlyCount "30"]
[EventDate "2011.04.16"]
[EventType "swiss"]
[EventRounds "9"]
[EventCountry "ESP"]
[SourceTitle "CBM 141 Extra"]
[Source "ChessBase"]
[SourceDate "2011.05.03"]
[SourceVersion "1"]
[SourceVersionDate "2011.05.03"]
[SourceQuality "1"]

1. d4 d5 2. c4 c6 3. Nc3 dxc4 4. e4 b5 5. a4 b4 6. Na2 Nf6 7. e5 Nd5 8. Bxc4 Bf5 9. Nf3 e6 10. 0-0 Be7 11. Bd2 a5 12. Nc1 0-0 13. Qe2 Nd7 14. Nb3 N5b6 15. Bd3 Bxd3 1/2-1/2

[Event "Euskadi-chT (Vasca) Div Honor"]
[Site "Bergara"]
[Date "2011.02.19"]
[Round "7"]
[White "Alberdi Sololuce, Paulo"]
[Black "Cruz Lopez Claret, Carlos"]
[Result "0-1"]
[WhiteElo "2173"]
[BlackElo "2326"]
[PlyCount "54"]
[EventDate "2011.01.08"]
[EventType "team-tourn"]
[EventRounds "9"]
[EventCountry "ESP"]
[SourceTitle "EXT 2024"]
[Source "ChessBase"]
[SourceDate "2023.10.10"]
[SourceVersion "1"]
[SourceVersionDate "2023.10.10"]
[SourceQuality "1"]

1. d4 d5 2. Nc3 Nf6 3. Bg5 Nbd7 4. f3 c6 5. Qd2 Qa5 6. e4 dxe4 7. fxe4 e5 8. Bxf6 Nxf6 9. dxe5 Ng4 10. Nf3 Be6 11. Nd1 Bb4 12. c3 Be7 13. Qf4 0-0-0 14. h3 Nh6 15. Ne3 Qb6 16. Nc4 Bxc4 17. Bxc4 Bc5 18. Rb1 Be3 19. Qg3 Rhe8 20. e6 f5 21. Ne5 f4 22. Qxg7 Bf2+ 23. Kf1 Bg3 24. Qd7+ Kb8 25. Ke2 Qe3+ 26. Kd1 Rxd7+ 27. Nxd7+ Kc7 0-1

[Event "Euskadi-chT (Vasca) Div Honor"]
[Site "Bergara"]
[Date "2011.02.12"]
[Round "6"]
[White "Cruz Lopez Claret, Carlos"]
[Black "Hernandez Sanchez, Elvis de la Caridad"]
[Result "0-1"]
[WhiteElo "2326"]
[BlackElo "2276"]
[PlyCount "84"]
[EventDate "2011.01.08"]
[EventType "team-tourn"]
[EventRounds "9"]
[EventCountry "ESP"]
[SourceTitle "EXT 2024"]
[Source "ChessBase"]
[SourceDate "2023.10.10"]
[SourceVersion "1"]
[SourceVersionDate "2023.10.10"]
[SourceQuality "1"]

1. d4 d5 2. c4 dxc4 3. Nf3 a6 4. e4 b5 5. a4 Bb7 6. axb5 axb5 7. Rxa8 Bxa8 8. Nc3 c6 9. d5 Nf6 10. Bf4 cxd5 11. exd5 Nbd7 12. Be2 b4 13. Nb5 Nxd5 14. Bg3 e6 15. Qd4 Qb6 16. Qxc4 Bc5 17. Nd6+ Ke7 18. Qh4+ N5f6 19. Nc4 Qc6 20. Qg5 h6 21. Qf4 g5 22. Qc1 Ne4 23. 0-0 Nxg3 24. hxg3 Rc8 25. b3 Nf6 26. Qb2 Ne4 27. Qg7 Nxg3 28. Bd3 Nxf1 29. Nce5 Qe8 30. Bxf1 Bxf3 31. gxf3 Bd6 32. Ng6+ Kd8 33. Nh8 Ke7 34. Ng6+ Kd8 35. Nh8 Rc7 36. Qd4 Ke7 37. Qg7 Rc5 38. Bc4 Rf5 39. Qd4 Rf6 40. Qa7+ Kf8 41. Qb6 Qb8 42. Qd4 Kg7 0-1

[Event "Andorra op 28th"]
[Site "La Massana"]
[Date "2010.07.18"]
[Round "2"]
[White "Delchev, Aleksander"]
[Black "Cruz Lopez Claret, Carlos"]
[Result "1-0"]
[WhiteElo "2632"]
[BlackElo "2307"]
[PlyCount "73"]
[EventDate "2010.07.17"]
[EventType "swiss"]
[EventRounds "9"]
[EventCountry "AND"]
[SourceTitle "CBM 137 Extra"]
[Source "ChessBase"]
[SourceDate "2010.09.01"]
[SourceVersion "1"]
[SourceVersionDate "2010.09.01"]
[SourceQuality "1"]

1. e4 e5 2. Nf3 Nc6 3. Nc3 g6 4. d4 exd4 5. Nd5 Bg7 6. Bg5 Nce7 7. Nxd4 c6 8. Nc3 d6 9. Qd2 Nf6 10. 0-0-0 0-0 11. Qf4 Ng4 12. h3 f6 13. hxg4 fxg5 14. Qxg5 b5 15. f4 h6 16. Rxh6 Bxh6 17. Qxh6 Bxg4 18. Be2 Qd7 19. Rh1 Kf7 20. Qg5 Bxe2 21. Rh7+ Ke8 22. Nxc6 Rf7 23. Rh8+ Rf8 24. Rxf8+ Kxf8 25. Qf6+ Ke8 26. Nd5 Ng8 27. Qxg6+ Kf8 28. Nd4 Re8 29. f5 Bc4 30. Ne6+ Rxe6 31. fxe6 Qg7 32. e7+ Nxe7 33. Qxg7+ Kxg7 34. Nxe7 Bf1 35. g3 Kf6 36. Nc6 a6 37. Kd2 1-0

[Event "San Sebastian 4 Nations 4th"]
[Site "San Sebastian"]
[Date "2006.12.02"]
[Round "2"]
[White "Magem Badals, Jordi"]
[Black "Cruz Lopez Claret, Carlos"]
[Result "1/2-1/2"]
[WhiteElo "2487"]
[BlackElo "2314"]
[PlyCount "57"]
[EventDate "2006.12.02"]
[EventType "team-match"]
[EventRounds "3"]
[EventCountry "ESP"]
[SourceTitle "EXT 2014"]
[Source "ChessBase"]
[SourceDate "2013.11.20"]
[SourceVersion "1"]
[SourceVersionDate "2013.11.20"]
[SourceQuality "1"]

1. e4 e5 2. Bc4 Nf6 3. d3 Nc6 4. Nc3 Bb4 5. Bg5 0-0 6. Nge2 Nd4 7. 0-0 Nxe2+ 8. Qxe2 Bxc3 9. bxc3 h6 10. Bd2 d6 11. f4 Be6 12. fxe5 dxe5 13. Bb3 Qe7 14. Kh1 a5 15. Qf2 Ra6 16. Rab1 a4 17. Bxe6 Qxe6 18. c4 Qc8 19. Bb4 Re8 20. Bc3 c5 21. Rb5 b6 22. Rbb1 Re6 23. Qh4 Ra7 24. Rf5 Rae7 25. h3 Nd7 26. Rf3 Qe8 27. Rbf1 Nf8 28. Qf2 f6 29. Qe3 1/2-1/2

[Event "San Sebastian op 19th"]
[Site "San Sebastian"]
[Date "2006.04.09"]
[Round "3.10"]
[White "Del Rey, Diego"]
[Black "Cruz Lopez Claret, Carlos"]
[Result "1-0"]
[WhiteElo "2431"]
[BlackElo "2302"]
[PlyCount "87"]
[EventDate "2006.04.08"]
[EventType "swiss"]
[EventRounds "9"]
[EventCountry "ESP"]
[SourceTitle "CBM 111 Extra"]
[Source "ChessBase"]
[SourceDate "2006.05.09"]
[SourceVersion "1"]
[SourceVersionDate "2006.05.09"]
[SourceQuality "1"]

1. d4 d5 2. Bg5 h6 3. Bh4 c6 4. Nf3 Qb6 5. b3 Bf5 6. e3 Nd7 7. Bd3 Bxd3 8. Qxd3 e6 9. Nbd2 Be7 10. Bg3 Ngf6 11. c4 0-0 12. c5 Qd8 13. h3 b6 14. cxb6 axb6 15. a4 b5 16. 0-0 bxa4 17. bxa4 c5 18. Rfb1 Ra7 19. Qb5 Ra5 20. Qb7 Qa8 21. Ne5 Rxa4 22. Rxa4 Qxa4 23. Nc6 Bd8 24. Bd6 Re8 25. dxc5 Qc2 26. Nxd8 Rxd8 27. c6 Qxd2 28. Qc7 Qc2 29. Qxd8+ Kh7 30. Ra1 Qxc6 31. Qc7 Qb5 32. Be7 Qb2 33. Bxf6 Nxf6 34. Rc1 Ne4 35. Qc2 Qxc2 36. Rxc2 Kg6 37. f3 Nf6 38. Rc7 Ne8 39. Ra7 Nf6 40. Ra8 h5 41. Kf2 e5 42. Ke2 Kf5 43. Ra6 h4 44. Kd3 1-0